| 000 | 00870nam a22002177a 4500 | ||
|---|---|---|---|
| 005 | 20210325205912.0 | ||
| 008 | s2554 th ||||| |||| 00| 0 tha d | ||
| 020 | _a9786169051787 | ||
| 050 | _aASEAN HN700.55 ช432อ 2554 | ||
| 100 | 0 | _aBirkholz, Christian | |
| 245 | 1 | 0 | _aอีก 5 ปี ประเทศไทยจะเปลี่ยน [2nd] |
| 260 | 3 |
_aกรุงเทพฯ : _bอุดมปัญญา, _c2554 |
|
| 300 |
_a109 หน้า ; _b 18 ซม. |
||
| 650 | 0 | 4 | _aการเปลี่ยนแปลงทางสังคม -- ไทย |
| 650 | 0 | 4 | _aไทย -- ภาวะสังคม |
| 850 | _aNALT | ||
| 942 | _cGB | ||
| 997 | _a39740 ฉ.1 /39741 ฉ.2 | ||
| 997 | _c000000000064745 | ||
| 998 | _aนางสุกัญญา กัลยา | ||
| 999 |
_c64745 _d64745 |
||